=LDR 00000nam 2200000 4500 =001 INLIS000000000049760 =005 20170327140853.0 =006 =007 =008 =035 ##$$0010-031700000000205 =040 ##$$a NBPDMAT =082 ##$$a 371.92 =090 ##$$a 371.92 Kik k =100 ##$$a Kiky Lestari =245 ##$$a Kunci mengendalikan anak dengan ADHD $c Kiky Lestari ; editor Qoni =260 ##$$a Yogyakarta $b Familia $c 2014 =300 ##$$a viii, 82 hlm. $b ilus $c 19 cm. =500 ##$$a Bibliografi : hlm .81 - 82 =650 ##$$a Pendidikan Luar Biasa - Kesulitan Belajar =700 ##$$a Qoni =850 ##$$a NBPDMAT